| Tag |
First Indicator |
Second Indicator |
Subfields |
| LEADER |
00000cam a2200000 4500 |
| 001 |
in00000183913 |
| 005 |
20151009050408.0 |
| 008 |
720421r19681733nyu 00010 eng d |
| 010 |
|
|
|a 68058620
|
| 035 |
|
|
|a (OCoLC)00313946
|
| 035 |
|
|
|9 AAU8713AM
|
| 040 |
|
|
|a DLC
|c DLC
|d TXA
|d UtOrBLW
|
| 049 |
|
|
|a TXAM
|v 1 [486605]
|v 2 [486606]
|v 3 [486607]
|v 4 [486608]
|v 5 [486609]
|v 6 [486610]
|v 7 [486611]
|
| 050 |
0 |
0 |
|a PR2752
|b .T4 1968
|
| 082 |
0 |
|
|a 822.3/3
|
| 100 |
1 |
|
|a Shakespeare, William,
|d 1564-1616.
|
| 240 |
1 |
0 |
|a Works. Theobald. 1968
|
| 245 |
1 |
4 |
|a The works of Shakespeare in seven volumes /
|c Collated with the oldest copies, and corrected; with notes, explanatory, and critical: by Mr. Theobald. London, Printed for A. Bettesworth [etc.] 1733.
|
| 264 |
|
1 |
|a [New York] :
|b [AMS Press],
|c [1968]
|
| 300 |
|
|
|a 7 volumes :
|b frontispiece ;
|c 22 cm.
|
| 336 |
|
|
|a text
|b txt
|2 rdacontent
|
| 337 |
|
|
|a unmediated
|b n
|2 rdamedia
|
| 338 |
|
|
|a volume
|b nc
|2 rdacarrier
|
| 500 |
|
|
|a Volume 1 has general t.-p., volumes 2-7, each special t.-p. only.
|
| 500 |
|
|
|a Does not include the poems.
|
| 700 |
1 |
|
|a Theobald,
|c Mr.
|q (Lewis),
|d 1688-1744.
|
| 999 |
|
|
|a MARS
|
| 999 |
f |
f |
|s b1b3ced7-a5e4-3710-ba1a-50972ebd7205
|i 2b286ef9-8e3c-3803-a3de-9e80698847bc
|t 0
|
| 952 |
f |
f |
|p normal
|a Texas A&M University
|b College Station
|c Sterling C. Evans Library
|d Evans: Library Stacks
|t 0
|e PR2752 .T4 1968
|h Library of Congress classification
|i unmediated -- volume
|k v.7
|m A14803894510
|
| 952 |
f |
f |
|p normal
|a Texas A&M University
|b College Station
|c Sterling C. Evans Library
|d Evans: Library Stacks
|t 0
|e PR2752 .T4 1968
|h Library of Congress classification
|i unmediated -- volume
|k v.2
|m A14803894463
|
| 952 |
f |
f |
|p normal
|a Texas A&M University
|b College Station
|c Sterling C. Evans Library
|d Evans: Library Stacks
|t 0
|e PR2752 .T4 1968
|h Library of Congress classification
|i unmediated -- volume
|k v.3
|m A14803894471
|
| 952 |
f |
f |
|p normal
|a Texas A&M University
|b College Station
|c Sterling C. Evans Library
|d Evans: Library Stacks
|t 0
|e PR2752 .T4 1968
|h Library of Congress classification
|i unmediated -- volume
|k v.6
|m A14803894502
|
| 952 |
f |
f |
|p normal
|a Texas A&M University
|b College Station
|c Sterling C. Evans Library
|d Evans: Library Stacks
|t 0
|e PR2752 .T4 1968
|h Library of Congress classification
|i unmediated -- volume
|k v.1
|m A14803894455
|
| 952 |
f |
f |
|p normal
|a Texas A&M University
|b College Station
|c Sterling C. Evans Library
|d Evans: Library Stacks
|t 0
|e PR2752 .T4 1968
|h Library of Congress classification
|i unmediated -- volume
|k v.4
|m A14803894489
|
| 952 |
f |
f |
|p normal
|a Texas A&M University
|b College Station
|c Sterling C. Evans Library
|d Evans: Library Stacks
|t 0
|e PR2752 .T4 1968
|h Library of Congress classification
|i unmediated -- volume
|k v.5
|m A14803894497
|
| 998 |
f |
f |
|a PR2752 .T4 1968
|s v.1-v.7
|t 0
|l Evans: Library Stacks
|